|
|
|
|
| LEADER |
01266nam a22002897a 4500 |
| 001 |
33400 |
| 003 |
BD-DhAAL |
| 005 |
20250624111709.0 |
| 008 |
180716t2004 cauk|||| |||| 001 0 eng d |
| 020 |
|
|
|a 9781557014429
|
| 020 |
|
|
|a 1557014426
|
| 040 |
|
|
|a BD-DhAAL
|d BD-DhAAL
|
| 082 |
|
|
|a 346.73024
|2 20
|
| 100 |
|
|
|a Acret, James.
|9 27412
|
| 245 |
|
|
|a Acret's national mechanics liens handbook :
|b the mechanics lien laws of the 50 states and the District of Columbia /
|c James Acret.
|
| 260 |
|
|
|a San Francisco, CA :
|b BNI Building News,
|c c2004.
|
| 300 |
|
|
|a x, 606 pages :
|b illustrations, forms ;
|c 28 cm.
|
| 440 |
|
|
|a Construction law series
|9 27413
|
| 500 |
|
|
|a Includes index.
"This book is current through November 14, 2003"--Title page.
|
| 526 |
|
|
|a ARC
|
| 541 |
|
|
|a Department of Architecture
|e 33400
|
| 650 |
|
|
|a Mechanics' liens
|z United States.
|9 27414
|
| 650 |
|
|
|a Construction contracts
|z United States.
|9 27415
|
| 852 |
|
|
|a Department of Architecture
|c General Stacks
|
| 942 |
|
|
|2 ddc
|c BK
|
| 999 |
|
|
|c 39801
|d 39801
|
| 952 |
|
|
|0 0
|1 0
|2 ddc
|4 0
|6 346_730240000000000_ACR
|7 0
|9 63832
|a BRACUL
|b BRACUL
|c GEN
|d 2018-07-16
|e Department of Architecture
|l 1
|o 346.73024 ACR
|p 3010033400
|r 2018-07-23
|s 2018-07-23
|t 1
|w 2018-07-16
|y BK
|x Transferred from ARC to BRACUL on 28/12/2023
|